[Event "FRA-ch U16"]
[Site "Montlucon"]
[Date "2011.04.17"]
[Round "1"]
[White "Delvaux, Robin"]
[Black "Giroyan, Gary"]
[Result "0-1"]
[WhiteElo "1830"]
[BlackElo "2249"]
[PlyCount "56"]
[EventDate "2011.04.17"]
[EventType "swiss"]
[EventRounds "9"]
[EventCountry "FRA"]
[SourceTitle "CBM 142 Extra"]
[Source "ChessBase"]
[SourceDate "2011.06.27"]
[SourceVersion "1"]
[SourceVersionDate "2011.06.27"]
[SourceQuality "1"]

1. c4 c5 2. Nf3 Nc6 3. Nc3 g6 4. e3 Nf6 5. d4 cxd4 6. exd4 d5 7. Be2 Bg7 8. 0-0 0-0 9. h3 Bf5 10. Be3 dxc4 11. Bxc4 Nb4 12. Re1 Rc8 13. Ne2 Nfd5 14. Qb3 Nxe3 15. fxe3 Nc6 16. Bd3 Bxd3 17. Qxd3 Qb6 18. Qd2 e5 19. Rad1 Rcd8 20. Kh1 Bh6 21. Qd3 exd4 22. Nexd4 Nb4 23. Qe2 Rfe8 24. Rd3 Nd5 25. Rb3 Qf6 26. e4 Nb6 27. e5 Qe7 28. Qd3 Nc4 0-1

[Event "Agneaux St Lo op"]
[Site "Agneaux"]
[Date "2010.07.13"]
[Round "8"]
[White "Georgescu, Tiberiu Marian"]
[Black "Delvaux, Robin"]
[Result "1-0"]
[WhiteElo "2404"]
[BlackElo "1781"]
[PlyCount "87"]
[EventDate "2010.07.07"]
[EventType "swiss"]
[EventRounds "9"]
[EventCountry "FRA"]
[SourceTitle "CBM 137 Extra"]
[Source "ChessBase"]
[SourceDate "2010.09.01"]
[SourceVersion "1"]
[SourceVersionDate "2010.09.01"]
[SourceQuality "1"]

1. c4 c5 2. g3 Nf6 3. Bg2 e6 4. Nf3 d5 5. cxd5 exd5 6. d4 Nc6 7. Nc3 Be7 8. 0-0 0-0 9. Bg5 cxd4 10. Nxd4 h6 11. Be3 Bg4 12. Na4 Qa5 13. Nxc6 bxc6 14. f3 Bf5 15. Rc1 Rac8 16. Bc5 Bxc5+ 17. Rxc5 Qa6 18. Re1 Nd7 19. Rc1 Ne5 20. b3 Rfd8 21. Qd4 Ng6 22. Bf1 Qb7 23. Nc5 Qe7 24. Bg2 Nf8 25. b4 Ne6 26. Qe5 Bg6 27. Bh3 Re8 28. Bxe6 fxe6 29. Rc3 Qf6 30. Qxf6 gxf6 31. Rec1 d4 32. Rc4 e5 33. Nd7 Kf7 34. Rxc6 Rxc6 35. Rxc6 Re6 36. Rxe6 Kxe6 37. Nf8+ Kf7 38. Nxg6 Kxg6 39. Kf2 f5 40. g4 Kg5 41. a4 fxg4 42. fxg4 Kxg4 43. b5 Kf5 44. a5 1-0

[Event "Wasselonne op"]
[Site "Wasselonne"]
[Date "2009.08.09"]
[Round "7"]
[White "Delvaux, Robin"]
[Black "Simon, Gerard"]
[Result "1-0"]
[WhiteElo "1770"]
[BlackElo "1650"]
[PlyCount "93"]
[EventDate "2009.08.06"]
[EventType "swiss"]
[EventRounds "7"]
[EventCountry "FRA"]
[SourceTitle "EXT 2011"]
[Source "ChessBase"]
[SourceDate "2010.11.26"]
[SourceVersion "1"]
[SourceVersionDate "2010.11.26"]
[SourceQuality "1"]

1. c4 g6 2. Nf3 Bg7 3. d4 Nf6 4. Nc3 d6 5. e4 Nbd7 6. Be2 0-0 7. 0-0 c5 8. Qc2 cxd4 9. Nxd4 Ne5 10. f3 Bd7 11. Be3 a6 12. Qd2 Rc8 13. b3 Nc6 14. Rac1 Nxd4 15. Bxd4 Bc6 16. Kh1 Qd7 17. Bb6 Qe6 18. Rc2 Nd7 19. Be3 Nf6 20. Rfc1 Nd7 21. Nd5 Bxd5 22. cxd5 Rxc2 23. Rxc2 Qe5 24. Bf4 Qa1+ 25. Rc1 Qd4 26. Qxd4 Bxd4 27. Rc7 Be5 28. Bh6 Rd8 29. Rxb7 Bf6 30. Be3 Kg7 31. g3 Nc5 32. Ra7 Rc8 33. Kg2 h6 34. Kf2 g5 35. Bc4 h5 36. Bd2 g4 37. Ke3 gxf3 38. Kxf3 Kg6 39. h4 Re8 40. Bxa6 Nxa6 41. Rxa6 Rc8 42. Rc6 Ra8 43. a4 Rb8 44. b4 Bb2 45. b5 Ba3 46. b6 Bc5 47. Be3 1-0

[Event "Wasselonne op"]
[Site "Wasselonne"]
[Date "2009.08.07"]
[Round "3"]
[White "Delvaux, Robin"]
[Black "Ritter, Andre"]
[Result "0-1"]
[WhiteElo "1770"]
[BlackElo "1935"]
[PlyCount "122"]
[EventDate "2009.08.06"]
[EventType "swiss"]
[EventRounds "7"]
[EventCountry "FRA"]
[SourceTitle "EXT 2011"]
[Source "ChessBase"]
[SourceDate "2010.11.26"]
[SourceVersion "1"]
[SourceVersionDate "2010.11.26"]
[SourceQuality "1"]

1. c4 c5 2. Nf3 Nc6 3. e3 e5 4. d4 cxd4 5. exd4 e4 6. Ng5 Bb4+ 7. Nc3 Nf6 8. f3 h6 9. Ngxe4 Nxe4 10. fxe4 Qh4+ 11. g3 Qxe4+ 12. Qe2 Qxe2+ 13. Bxe2 Nxd4 14. Bd3 0-0 15. 0-0 Bxc3 16. bxc3 Nc6 17. Re1 d6 18. Bf4 Ne5 19. Re3 Nxd3 20. Rxd3 Be6 21. Rd4 Rac8 22. Bxd6 Rfd8 23. c5 Rd7 24. a3 b6 25. Rad1 bxc5 26. Bxc5 Rxc5 27. Rxd7 Bxd7 28. Rxd7 Ra5 29. Kf2 Rxa3 30. Rc7 a5 31. h4 a4 32. Ke3 Ra1 33. Ra7 a3 34. Kd2 Ra2+ 35. Ke3 Rg2 36. Kf3 Ra2 37. Ke3 Ra1 38. Kd2 Kf8 39. Kc2 Rg1 40. c4 Rxg3 41. c5 a2 42. c6 Rg6 43. c7 Rc6+ 44. Kb2 Ke8 45. Kxa2 Kd7 46. c8Q+ Kxc8 47. Rxf7 Rc7 48. Rf4 Kd7 49. Re4 Kd6 50. Kb3 Kd5 51. Ra4 Ke5 52. Ra5+ Kf4 53. h5 Kg4 54. Kb4 Rf7 55. Kc3 Rf5 56. Ra7 Rg5 57. Kd3 Kxh5 58. Ke3 Kg4 59. Kf2 Kh3 60. Ra3+ Kh2 61. Ra4 Rf5+ 0-1

[Event "FRA-chT U20 0405"]
[Site "France"]
[Date "2004.11.21"]
[Round "2.8"]
[White "Delvaux, Robin"]
[Black "Paci, Nicolas"]
[Result "0-1"]
[WhiteElo "1360"]
[BlackElo "1510"]
[PlyCount "54"]
[EventDate "2004.11.20"]
[EventType "team-tourn"]
[EventRounds "11"]
[EventCountry "FRA"]
[SourceTitle "CBM 103 Extra"]
[Source "ChessBase"]
[SourceDate "2005.01.01"]
[SourceVersion "1"]
[SourceVersionDate "2005.01.01"]
[SourceQuality "1"]

1. e4 c5 2. Nc3 d6 3. f4 e6 4. Nf3 Be7 5. Bc4 a6 6. d3 Nc6 7. 0-0 Qc7 8. Qe1 b5 9. Bb3 Bb7 10. a3 Bf6 11. Ng5 Bxg5 12. fxg5 Nd4 13. Bf4 Nxb3 14. cxb3 Ne7 15. Rd1 Qc6 16. d4 cxd4 17. Ne2 e5 18. Bg3 Qxe4 19. Qf2 0-0 20. Bh4 Nf5 21. Ng3 Nxg3 22. Qxg3 Rac8 23. Rde1 Qd5 24. Rf2 Rc7 25. Qd3 Rfc8 26. Qb1 d3 27. Rd1 e4 0-1

[Event "FRA-chT U20 0405"]
[Site "France"]
[Date "2004.11.21"]
[Round "3.8"]
[White "Fischer, Julie"]
[Black "Delvaux, Robin"]
[Result "1/2-1/2"]
[WhiteElo "1270"]
[BlackElo "1360"]
[PlyCount "69"]
[EventDate "2004.11.20"]
[EventType "team-tourn"]
[EventRounds "11"]
[EventCountry "FRA"]
[SourceTitle "CBM 103 Extra"]
[Source "ChessBase"]
[SourceDate "2005.01.01"]
[SourceVersion "1"]
[SourceVersionDate "2005.01.01"]
[SourceQuality "1"]

1. e4 c5 2. Nf3 Nc6 3. d4 cxd4 4. Nxd4 g6 5. Be3 Bg7 6. Bc4 Nf6 7. Nc3 0-0 8. 0-0 e6 9. f4 d5 10. e5 dxc4 11. exf6 Bxf6 12. Nxc6 Qxd1 13. Raxd1 bxc6 14. Bd4 Bxd4+ 15. Rxd4 Ba6 16. Rfd1 Rab8 17. b3 cxb3 18. axb3 c5 19. Rd7 Rb7 20. Rxb7 Bxb7 21. Rd7 Bd5 22. Nxd5 exd5 23. Rxd5 Rc8 24. Kf2 c4 25. Kg3 Kg7 26. Ra5 cxb3 27. cxb3 Rc3+ 28. Kh4 Rxb3 29. Rxa7 Rb2 30. Kh3 Rb6 31. g3 Rf6 32. Kg4 h5+ 33. Kh4 Rf5 34. Kh3 Kh6 35. Kg2 1/2-1/2